Statistics for SAT Words HARD Click Quiz - S #11 - Daily Word Quiz!

Click here to take the quiz!

General Stats

  • This quiz has been taken 36 times
  • The average score is 13 of 16

Answer Stats

HintAnswer% Correct
Rules of language that govern word order and sentence structureSyntax
97%
Structure for storing human remains; tombSepulchre
94%
Withdrawal into seclusion, often from a political entitySecession
91%
Lavish array of food items, featuring diverse culinary choicesSmorgasbord
88%
Magnificent; extraordinarily impressive in appearanceSplendiferous
88%
Rotation of the forearm and hand so the palm faces upwardsSupination
84%
Possessing wisdom and discernmentSapient
81%
A symbol or emblem imbued with mystical or magical significanceSigil
81%
Rustic fellow, peasant; or, a suitorSwain
81%
An awkward buffoon; a bumblerSchlemiel
78%
Obstruct or hinder the progress ofStymie
78%
Cross-eyedness; the misalignment of the eyesStrabismus
75%
Causing perspiration or sweatingSudoriferous
75%
Prominent, standing outSalient
72%
Involving clever but untrue arguments, often intended to deceiveSophistic
59%
Spiritual elder or advisor in Eastern Orthodox ChristianityStarets
38%

Score Distribution

Percentile by Number Answered

Percent of People with Each Score

Your Score History

You have not taken this quiz